[Event "ICS rated blitz match"]
[Site "204.178.125.65"]
[Date "2000.09.28"]
[Round "?"]
[White "Hossa"]
[Black "Motoman"]
[Result "1-0"]
[WhiteElo "2419"]
[BlackElo "2014"]
[PlyCount "37"]
[EventDate "2000.??.??"]

1. e4 c5 2. c3 Nf6 3. e5 Nd5 4. d4 cxd4 5. cxd4 d6 6. Nf3 Nc6 7. Bc4 Nb6 8. Bb3
e6 9. O-O dxe5 10. dxe5 Qxd1 11. Rxd1 Be7 12. Nc3 O-O 13. Nb5 Rd8 14. Be3 Nd7
15. Nc7 Rb8 16. Rac1 Ndxe5 17. Nxe5 Nxe5 18. Rxd8+ Bxd8 19. Bxa7 {
Motoman resigns} 1-0

[Event "ICS rated blitz match"]
[Site "204.178.125.65"]
[Date "2000.09.28"]
[Round "?"]
[White "Motoman"]
[Black "Hossa"]
[Result "0-1"]
[WhiteElo "2011"]
[BlackElo "2422"]
[PlyCount "76"]
[EventDate "2000.??.??"]

1. e4 c6 2. d4 d5 3. e5 Bf5 4. Nf3 e6 5. Be2 Nd7 6. O-O h6 7. c3 Qc7 8. h3
O-O-O 9. Re1 f6 10. exf6 Ngxf6 11. Be3 Bd6 12. Nbd2 Kb8 13. Nf1 g5 14. g4 Be4
15. Bd3 Rhf8 16. Bxe4 Nxe4 17. N3d2 Ndf6 18. f3 Ng3 19. Nxg3 Bxg3 20. Rf1 Bf4
21. Bxf4 Qxf4 22. Qe2 Qg3+ 23. Qg2 Qc7 24. Rae1 Rd6 25. Re3 c5 26. Nb3 Nd7 27.
Rfe1 Re8 28. Qe2 c4 29. Nd2 Ra6 30. a3 Rb6 31. Nf1 Nf8 32. Re5 Ng6 33. Rxd5 Nf4
34. Qe4 Nxh3+ 35. Kg2 Nf4+ 36. Kg1 Rxb2 37. Re5 Nh3+ 38. Kh1 Nf2+ {
Motoman resigns} 0-1

[Event "ICS rated blitz match"]
[Site "204.178.125.65"]
[Date "2000.09.28"]
[Round "?"]
[White "Hossa"]
[Black "PostModernist"]
[Result "0-1"]
[WhiteElo "2425"]
[BlackElo "2582"]
[PlyCount "184"]
[EventDate "2000.??.??"]

1. e4 c5 2. c3 e6 3. d4 d5 4. exd5 exd5 5. Be3 c4 6. b3 cxb3 7. axb3 Bd6 8. Na3
Nf6 9. Nb5 Nc6 10. Nf3 Ng4 11. Nxd6+ Qxd6 12. Bg5 O-O 13. Be2 Re8 14. O-O Bd7
15. Qc2 a6 16. Bd3 g6 17. h3 Nf6 18. Rfe1 Rac8 19. Rxe8+ Rxe8 20. Bh6 a5 21.
Ng5 b5 22. Nf3 b4 23. Bb5 Rc8 24. c4 dxc4 25. Bxc4 Nxd4 26. Nxd4 Qxd4 27. Rxa5
Nd5 28. Qd3 Qxd3 29. Bxd3 Nc3 30. Ra7 Be6 31. Rb7 Na2 32. Bc4 Bxc4 33. bxc4 f5
34. Kf1 f4 35. Rg7+ Kh8 36. Ra7 b3 37. Bxf4 Rxc4 38. Be5+ Kg8 39. Rg7+ Kf8 40.
Rb7 Nc1 41. g4 Rc2 42. Rxh7 Nd3 43. Bd4 Nf4 44. f3 b2 45. Bxb2 Rxb2 46. h4 Nh3
47. h5 Rf2+ 48. Ke1 g5 49. Rc7 Rxf3 50. Rc8+ Kg7 51. Rc7+ Kf6 52. Rc6+ Ke5 53.
h6 Nf4 54. Rc7 Kf6 55. Rc6+ Ne6 56. Rc8 Rh3 57. Rh8 Kg6 58. Re8 Nf4 59. Kf2
Rxh6 60. Rb8 Rh2+ 61. Kf3 Rd2 62. Rb6+ Kf7 63. Ke4 Nd5 64. Rb3 Nf6+ 65. Ke3 Rg2
66. Rb1 Rxg4 67. Rb7+ Kg6 68. Ra7 Re4+ 69. Kf2 g4 70. Ra3 Kf5 71. Ra7 Nh5 72.
Rf7+ Kg5 73. Kg2 Nf4+ 74. Kf1 g3 75. Rg7+ Kh4 76. Rf7 g2+ 77. Kf2 Re2+ 78. Kf3
g1=N+ 79. Kxf4 Rf2+ 80. Ke5 Rxf7 81. Ke6 Rf4 82. Kd7 Ne2 83. Ke6 Rd4 84. Kf5
Ng1 85. Ke5 Nf3+ 86. Kf5 Kh5 87. Kf6 Kh6 88. Kf7 Ng5+ 89. Ke8 Rd5 90. Ke7 Kg6
91. Kf8 Re5 92. Kg8 Re8# {Hossa checkmated} 0-1

[Event "ICS rated blitz match"]
[Site "204.178.125.65"]
[Date "2000.09.28"]
[Round "?"]
[White "counterplay"]
[Black "Hossa"]
[Result "1-0"]
[WhiteElo "2824"]
[BlackElo "2416"]
[PlyCount "131"]
[EventDate "2000.??.??"]

1. c4 e5 2. e3 Nf6 3. Qc2 Nc6 4. a3 a5 5. Nf3 Bc5 6. Nxe5 Nxe5 7. d4 Be7 8.
dxe5 Ng4 9. f4 Bc5 10. Bd3 d6 11. exd6 Qxd6 12. O-O Qh6 13. h3 Nf6 14. Nc3 O-O
15. Nd5 Nxd5 16. cxd5 Bb6 17. Bd2 Qh4 18. Be4 Re8 19. Rf3 Bd7 20. Rc1 Rab8 21.
Be1 Qh6 22. Bd2 Qh4 23. a4 Qh5 24. g4 Qh4 25. b3 Rbd8 26. Be1 Qh6 27. Bc3 Qh4
28. Be5 Re7 29. Qd3 Bc8 30. Rd1 f6 31. Bd4 Bxd4 32. Qxd4 Rd6 33. Bd3 h5 34. f5
Qg5 35. Rd2 Qh4 36. Rdf2 hxg4 37. Bc4 Bd7 38. hxg4 Re8 39. Rh2 Qe1+ 40. Kg2 Qb1
41. Rf1 Qc2+ 42. Kg3 Qe4 43. Qxe4 Rxe4 44. Kf3 Re7 45. e4 Kf7 46. Rg1 Be8 47.
g5 fxg5 48. Rxg5 b6 49. Kf4 Kf6 50. Rh8 Bf7 51. Rf8 Red7 52. e5+ Ke7 53. Rc8
Rxd5 54. Rxg7 Rd4+ 55. Kg5 Rxc4 56. e6 Rd1 57. Rxf7+ Kd6 58. Rd7+ Ke5 59. Rxd1
Rc3 60. e7 Rg3+ 61. Kh4 Kf4 62. Rf1+ Ke5 63. e8=Q+ Kd4 64. Rc1 Rh3+ 65. Kxh3 c5
66. Rd8# {Hossa checkmated} 1-0

[Event "ICS rated blitz match"]
[Site "204.178.125.65"]
[Date "2000.09.28"]
[Round "?"]
[White "Hossa"]
[Black "counterplay"]
[Result "0-1"]
[WhiteElo "2413"]
[BlackElo "2827"]
[PlyCount "86"]
[EventDate "2000.??.??"]

1. d4 Nf6 2. c4 c5 3. d5 d6 4. Nc3 g6 5. e4 Bg7 6. Nf3 O-O 7. Be2 Na6 8. O-O
Nc7 9. Bf4 a6 10. e5 Nh5 11. Be3 Bg4 12. exd6 exd6 13. Re1 Re8 14. h3 Bd7 15.
Bg5 Bf6 16. Bh6 Ng7 17. a4 Nf5 18. Bf4 Nd4 19. Bxd6 Bxa4 20. Rxa4 Qxd6 21. Nd2
Nxe2+ 22. Nxe2 Bxb2 23. Qc2 Be5 24. Ne4 Qe7 25. Qd2 Rad8 26. Qh6 Bg7 27. Qf4
Qxe4 28. Qxc7 Bc3 29. Rc1 Qxe2 30. Qxb7 Bd4 31. Kh1 Qxf2 32. Raa1 Bxa1 33. Rxa1
Re1+ 34. Rxe1 Qxe1+ 35. Kh2 Qe5+ 36. g3 Qe2+ 37. Kg1 Qd1+ 38. Kf2 Qc2+ 39. Kf3
Re8 40. Qb2 Qxb2 41. g4 g5 42. d6 Qe2+ 43. Kg3 Re3# {Hossa checkmated} 0-1

[Event "ICS rated blitz match"]
[Site "204.178.125.65"]
[Date "2000.09.28"]
[Round "?"]
[White "Hossa"]
[Black "MastersKiller"]
[Result "1-0"]
[WhiteElo "2415"]
[BlackElo "1981"]
[PlyCount "44"]
[EventDate "2000.??.??"]

1. e4 e5 2. Nf3 Nc6 3. Bb5 Nf6 4. O-O d6 5. d4 exd4 6. Nxd4 Bd7 7. Nc3 g6 8.
Re1 Bg7 9. Nxc6 bxc6 10. Bc4 O-O 11. Be3 Be6 12. Bb3 d5 13. Bc5 Re8 14. Bd4
dxe4 15. Nxe4 Nxe4 16. Rxe4 Bxb3 17. Rxe8+ Qxe8 18. Bxg7 Kxg7 19. Qd4+ f6 20.
cxb3 Qd8 21. Qb4 Rb8 22. Qa4 Qd4 {MastersKiller resigns} 1-0

[Event "ICS rated standard match"]
[Site "204.178.125.65"]
[Date "2000.09.29"]
[Round "?"]
[White "Hossa"]
[Black "xizor"]
[Result "1-0"]
[WhiteElo "2370"]
[BlackElo "1992"]
[PlyCount "47"]
[EventDate "2000.??.??"]

1. e4 e5 2. Nf3 Nc6 3. Bc4 Nf6 4. Ng5 d5 5. exd5 Na5 6. Bb5+ c6 7. dxc6 bxc6 8.
Be2 h6 9. Nf3 e4 10. Ne5 Bd6 11. d4 exd3 12. Nxd3 Qc7 13. b3 O-O 14. Bb2 c5 15.
Bxf6 gxf6 16. Qd2 Kh7 17. Nc3 a6 18. Nd5 Qd8 19. O-O Bb7 20. Ne3 Rg8 21. Rfd1
Qc7 22. g3 Rae8 23. Nf5 Qc6 24. Qxh6# {xizor checkmated} 1-0

[Event "ICS rated blitz match"]
[Site "204.178.125.65"]
[Date "2000.09.29"]
[Round "?"]
[White "kako"]
[Black "Hossa"]
[Result "0-1"]
[WhiteElo "2090"]
[BlackElo "2421"]
[PlyCount "32"]
[EventDate "2000.??.??"]

1. e4 c5 2. Nf3 e6 3. b4 cxb4 4. d4 Nf6 5. e5 Nd5 6. Bd3 d6 7. O-O Nc6 8. a3
dxe5 9. dxe5 Be7 10. axb4 Ndxb4 11. Na3 Nxd3 12. cxd3 Nb4 13. d4 Bd7 14. Nc4
Bb5 15. Qb3 Qd5 16. Nfd2 Rc8 {kako resigns} 0-1

[Event "ICS rated blitz match"]
[Site "204.178.125.65"]
[Date "2000.09.29"]
[Round "?"]
[White "Hossa"]
[Black "capivara"]
[Result "1-0"]
[WhiteElo "2425"]
[BlackElo "2136"]
[PlyCount "81"]
[EventDate "2000.??.??"]

1. e4 e5 2. Nf3 Nc6 3. Bb5 a6 4. Ba4 Nf6 5. Qe2 b5 6. Bb3 Be7 7. O-O O-O 8. c3
d6 9. Rd1 Na5 10. Bc2 c5 11. d4 Qc7 12. dxe5 dxe5 13. b3 Bg4 14. h3 Bh5 15. Bg5
h6 16. Bh4 Rfd8 17. Rxd8+ Rxd8 18. a4 c4 19. b4 Nb7 20. axb5 axb5 21. Qe3 Ne8
22. Bg3 f6 23. Nbd2 Ned6 24. Nf1 Rb8 25. Bh2 Qd8 26. Ng3 Bf7 27. Qa7 Qc7 28.
Nh4 Rc8 29. Nhf5 Bf8 30. Ne3 Nd8 31. Qa2 Ne6 32. Nd5 Qb7 33. Qa7 Rb8 34. Qxb7
Nxb7 35. Nf5 Nd6 36. Nxh6+ gxh6 37. Nxf6+ Kg7 38. Bxe5 Kg6 39. f3 Ne8 40. Bxb8
Nxf6 41. e5+ {capivara resigns} 1-0

[Event "ICS rated blitz match"]
[Site "204.178.125.65"]
[Date "2000.09.29"]
[Round "?"]
[White "Motoman"]
[Black "Hossa"]
[Result "0-1"]
[WhiteElo "2002"]
[BlackElo "2430"]
[PlyCount "112"]
[EventDate "2000.??.??"]

1. e4 e5 2. Nf3 Nf6 3. Nxe5 d6 4. Nf3 Nxe4 5. Qe2 Qe7 6. d3 Nf6 7. Bg5 Qxe2+ 8.
Bxe2 Be7 9. O-O O-O 10. Re1 Nc6 11. Nc3 Bg4 12. h3 Be6 13. a3 h6 14. Be3 Rfe8
15. Nd4 Nxd4 16. Bxd4 c5 17. Be3 Nd5 18. Nxd5 Bxd5 19. c3 Bf6 20. Rad1 Bb3 21.
Rc1 Re7 22. Bf3 Rae8 23. Bd2 Be5 24. c4 Kf8 25. Bc3 b6 26. Bxe5 Rxe5 27. Rxe5
dxe5 28. Kf1 Rd8 29. Bd5 a5 30. Ke2 g6 31. Kd2 Kg7 32. Kc3 a4 33. Re1 Kf6 34.
g3 h5 35. h4 b5 36. Re3 bxc4 37. dxc4 Rd7 38. Re1 Re7 39. Be4 Ke6 40. Bc2 Bxc2
41. Kxc2 Rb7 42. Rd1 Rd7 43. Rxd7 Kxd7 44. b3 axb3+ 45. Kxb3 Kc6 46. Kc3 Kb6
47. Kd3 f5 48. f3 Ka5 49. g4 hxg4 50. fxg4 fxg4 51. Ke4 Ka4 52. Ke3 Kxa3 53.
Kf2 Kb4 54. Kg3 Kxc4 55. Kxg4 e4 56. Kg5 e3 {Motoman resigns} 0-1

[Event "ICS rated blitz match"]
[Site "204.178.125.65"]
[Date "2000.09.29"]
[Round "?"]
[White "Hossa"]
[Black "Motoman"]
[Result "1-0"]
[WhiteElo "2433"]
[BlackElo "1999"]
[PlyCount "67"]
[EventDate "2000.??.??"]

1. e4 c5 2. Nf3 Nc6 3. d4 cxd4 4. Nxd4 Nf6 5. Nc3 e5 6. Ndb5 d6 7. Bg5 a6 8.
Na3 b5 9. Bxf6 gxf6 10. Nd5 f5 11. Bd3 Be6 12. O-O f4 13. c4 bxc4 14. Bxc4 Bg7
15. Qd3 O-O 16. Rac1 Nd4 17. f3 a5 18. Nb5 Rb8 19. Nxd4 exd4 20. b3 Bxd5 21.
Bxd5 Rc8 22. Qd2 Be5 23. Rxc8 Qxc8 24. Qxa5 Qc3 25. Qxc3 dxc3 26. Kf2 Rc8 27.
Rc1 Rc7 28. a4 Ra7 29. Ke2 Kf8 30. Kd3 Ke7 31. Ra1 Kd8 32. Ra2 f6 33. b4 Kc7
34. a5 {Motoman resigns} 1-0

[Event "ICS rated blitz match"]
[Site "204.178.125.65"]
[Date "2000.09.29"]
[Round "?"]
[White "Motoman"]
[Black "Hossa"]
[Result "0-1"]
[WhiteElo "1997"]
[BlackElo "2435"]
[PlyCount "60"]
[EventDate "2000.??.??"]

1. e4 e5 2. Nf3 Nc6 3. d4 exd4 4. Nxd4 Nf6 5. Nxc6 bxc6 6. e5 Qe7 7. Qe2 Nd5 8.
c4 Ba6 9. b3 g6 10. f4 f6 11. Ba3 Qf7 12. Qd2 Nb6 13. c5 Bxf1 14. cxb6 Ba6 15.
bxc7 fxe5 16. Qa5 Qxf4 17. Qxa6 Qh4+ 18. Kd1 Qd4+ 19. Kc2 Qe4+ 20. Qd3 Qxg2+
21. Nd2 Bxa3 22. Rhe1 O-O 23. b4 Bxb4 24. Qc4+ d5 25. Qxb4 e4 26. Qd6 Qh3 27.
Qxc6 Qd3+ 28. Kd1 Rae8 29. Rc1 e3 30. Rxe3 Rf1+ {Motoman resigns} 0-1

[Event "ICS rated blitz match"]
[Site "204.178.125.65"]
[Date "2000.09.29"]
[Round "?"]
[White "NPeace"]
[Black "Hossa"]
[Result "0-1"]
[WhiteElo "2020"]
[BlackElo "2440"]
[PlyCount "45"]
[EventDate "2000.??.??"]

1. e4 e5 2. Nf3 Nc6 3. d4 exd4 4. Nxd4 Nf6 5. Nxc6 bxc6 6. e5 Qe7 7. Qe2 Nd5 8.
c4 Ba6 9. Qe4 Nb6 10. Nd2 d5 11. exd6 cxd6 12. b3 d5 13. Qxe7+ Bxe7 14. c5 Bxf1
15. cxb6 Bf6 16. Rb1 Bd3 17. Bb2 Bxb1 18. Bxf6 axb6 19. Bxg7 Rg8 20. Bc3 Bd3
21. a4 Rxg2 22. h4 O-O-O 23. Be5 {NPeace resigns} 0-1

[Event "ICS rated blitz match"]
[Site "204.178.125.65"]
[Date "2000.09.29"]
[Round "?"]
[White "furagu"]
[Black "Hossa"]
[Result "0-1"]
[WhiteElo "2075"]
[BlackElo "2443"]
[PlyCount "72"]
[EventDate "2000.??.??"]

1. e4 c5 2. c3 e6 3. d4 d5 4. exd5 exd5 5. Nf3 Nc6 6. Bb5 f6 7. O-O Kf7 8. Re1
a6 9. Bd3 c4 10. Bc2 Bd6 11. b3 cxb3 12. axb3 Nge7 13. c4 Nb4 14. Ba3 Bg4 15.
Bd3 Qb8 16. h3 Nxd3 17. Qxd3 Bxf3 18. Qxf3 dxc4 19. bxc4 Bxa3 20. Rxa3 Re8 21.
d5 Qc7 22. Rae3 Kf8 23. Qg4 Ng6 24. Rxe8+ Rxe8 25. Rxe8+ Kxe8 26. Qe6+ Qe7 27.
Qc8+ Kf7 28. Nd2 a5 29. Qa8 Qb4 30. Nf1 Ne5 31. Ne3 a4 32. d6 a3 33. Nd5 Qb1+
34. Kh2 a2 35. Nc3 a1=Q 36. Nxb1 Qxa8 {furagu resigns} 0-1

[Event "ICS rated blitz match"]
[Site "204.178.125.65"]
[Date "2000.09.29"]
[Round "?"]
[White "Hossa"]
[Black "PostModernist"]
[Result "0-1"]
[WhiteElo "2446"]
[BlackElo "2580"]
[PlyCount "110"]
[EventDate "2000.??.??"]

1. e4 g6 2. d4 Bg7 3. Nf3 c6 4. Nc3 d6 5. Bd3 Nf6 6. O-O O-O 7. Bf4 Qb6 8. b3
Bg4 9. Na4 Qa5 10. Qe2 Bxf3 11. gxf3 Nfd7 12. Bd2 Qh5 13. c3 e5 14. Be3 exd4
15. Bxd4 Ne5 16. Kg2 Re8 17. Nb2 Nbd7 18. Bc2 Bh6 19. Be3 Re6 20. Rfd1 Rf6 21.
Bxh6 Qxh6 22. Qd2 Qh4 23. f4 Rxf4 24. h3 Rf3 25. Rh1 Nc5 26. Raf1 Nxe4 27. Bxe4
Qxe4 28. Qd4 Qe2 29. Rb1 Rf5 30. Qe3 Rg5+ 31. Qxg5 Qe4+ 32. Kf1 Qxb1+ 33. Ke2
Qxh1 34. Nd1 Qxh3 35. Qe3 Qxe3+ 36. Nxe3 Re8 37. Kf1 Nd3 38. b4 Rxe3 39. fxe3
b5 40. a3 Nb2 41. Ke1 Kg7 42. Ke2 Kf6 43. Kf3 Kf5 44. Ke2 Nc4 45. Kd3 c5 46.
Ke2 Ke4 47. Kf2 Nxa3 48. Ke2 cxb4 49. cxb4 Nc2 50. Kd2 Nxb4 51. Ke2 Nd5 52. Kf2
b4 53. Ke2 h5 54. Kd1 h4 55. Kc2 h3 {Hossa resigns} 0-1

[Event "ICS rated bullet match"]
[Site "204.178.125.65"]
[Date "2000.09.29"]
[Round "?"]
[White "JSBach"]
[Black "Hossa"]
[Result "1-0"]
[WhiteElo "2035"]
[BlackElo "2382"]
[PlyCount "127"]
[EventDate "2000.??.??"]

1. d4 d5 2. Bf4 Nf6 3. Qd3 e6 4. Nf3 Bb4+ 5. Nbd2 O-O 6. O-O-O Bd7 7. a3 Bd6 8.
Bxd6 cxd6 9. e3 Qc7 10. e4 Ng4 11. Qe2 dxe4 12. Nxe4 d5 13. Neg5 Rc8 14. h3 Nf6
15. Ne5 h6 16. Ngf3 Bb5 17. Nd3 Nbd7 18. Nfe5 Nxe5 19. dxe5 Ba4 20. Ne1 Ne4 21.
Rd4 b5 22. Rxe4 dxe4 23. Qxe4 a5 24. Be2 Rd8 25. Kb1 b4 26. Bd3 bxa3 27. Qxa4
axb2 28. Qa3 Qxe5 29. Nf3 Qf4 30. Rd1 Rdb8 31. c4 a4 32. g3 Qc7 33. Be4 Ra6 34.
Nd2 Qa7 35. f4 f5 36. Bf3 Qc7 37. c5 Ra5 38. c6 Kh8 39. Nc4 Ra6 40. Rd7 Qc8 41.
c7 Rba8 42. Bxa8 Rxa8 43. Rd8+ Qxd8 44. cxd8=Q+ Rxd8 45. Nxb2 Ra8 46. h4 g5 47.
Nxa4 gxf4 48. gxf4 Re8 49. Qb2+ Kh7 50. Nc5 Kg6 51. Qe5 Kf7 52. Qd6 Re7 53. h5
Re8 54. Kc2 Re7 55. Kd3 Re8 56. Kd4 Re7 57. Ke5 Re8 58. Nxe6 Re7 59. Qc6 Kg8
60. Kf6 Rf7+ 61. Kg6 Rf8 62. Qc7 Rf6+ 63. Kxf6 Kh8 64. Qg7# {Hossa checkmated}
1-0

[Event "ICS rated blitz match"]
[Site "204.178.125.65"]
[Date "2000.09.29"]
[Round "?"]
[White "jazz-musicman"]
[Black "Hossa"]
[Result "0-1"]
[WhiteElo "1993"]
[BlackElo "2436"]
[PlyCount "56"]
[EventDate "2000.??.??"]

1. e4 e5 2. Nf3 Nc6 3. Bb5 a6 4. Ba4 Nf6 5. O-O Be7 6. Re1 b5 7. Bb3 d6 8. c3
O-O 9. h3 Bb7 10. d4 Re8 11. Nbd2 Bf8 12. a4 h6 13. Bc2 exd4 14. cxd4 Nb4 15.
Bb1 c5 16. axb5 axb5 17. Rxa8 Qxa8 18. e5 dxe5 19. dxe5 Nfd5 20. Ne4 Qa1 21.
Bd2 Qxb2 22. Nd6 Bxd6 23. exd6 Rd8 24. d7 Nf6 25. Bf4 Rxd7 26. Qe2 Qxe2 27.
Rxe2 Rd1+ 28. Re1 Bxf3 {jazz-musicman resigns} 0-1

[Event "ICS rated blitz match"]
[Site "204.178.125.65"]
[Date "2000.09.29"]
[Round "?"]
[White "Hossa"]
[Black "jazz-musicman"]
[Result "1-0"]
[WhiteElo "2438"]
[BlackElo "1991"]
[PlyCount "67"]
[EventDate "2000.??.??"]

1. e4 e6 2. d4 d5 3. Nc3 Bb4 4. e5 c5 5. a3 Ba5 6. b4 cxb4 7. Nb5 Nc6 8. axb4
Bxb4+ 9. c3 Be7 10. Bd3 f5 11. Nf3 h6 12. Nd2 a6 13. Qh5+ Kf8 14. O-O Rb8 15.
Na3 Bd7 16. Nc2 Be8 17. Qf3 Bg5 18. Ba3+ Nge7 19. Nb3 Kg8 20. Bd6 Ra8 21. Nc5
Qc8 22. Rfb1 b5 23. Ra3 Kh7 24. Rba1 Ng8 25. Nxe6 Qxe6 26. Bxf5+ Qg6 27. Bxg6+
Bxg6 28. Qxd5 Nge7 29. Qb3 Rhf8 30. Rxa6 Rxa6 31. Rxa6 Bf7 32. e6 Be8 33. d5
Ne5 34. Bxe5 {jazz-musicman resigns} 1-0

[Event "ICS rated blitz match"]
[Site "204.178.125.65"]
[Date "2000.09.29"]
[Round "?"]
[White "F22Storm"]
[Black "Hossa"]
[Result "1/2-1/2"]
[WhiteElo "2394"]
[BlackElo "2440"]
[PlyCount "28"]
[EventDate "2000.??.??"]

1. e4 e5 2. Nf3 Nc6 3. Bb5 a6 4. Ba4 Nf6 5. O-O Be7 6. Re1 b5 7. Bb3 d6 8. c3
O-O 9. h3 Bb7 10. d4 Re8 11. Ng5 Rf8 12. Nf3 Re8 13. Ng5 Rf8 14. Nf3 a5 {
Game drawn by repetition} 1/2-1/2

[Event "ICS rated blitz match"]
[Site "204.178.125.65"]
[Date "2000.09.29"]
[Round "?"]
[White "Hossa"]
[Black "flytox"]
[Result "1-0"]
[WhiteElo "2438"]
[BlackElo "2054"]
[PlyCount "117"]
[EventDate "2000.??.??"]

1. e4 e6 2. Nf3 d5 3. e5 c5 4. d4 Nc6 5. dxc5 Bxc5 6. Nc3 a6 7. Bd3 Nge7 8. O-O
Nf5 9. Bxf5 exf5 10. Qxd5 Qxd5 11. Nxd5 O-O 12. Rd1 Be6 13. c4 h6 14. a3 a5 15.
b3 g5 16. h4 g4 17. Ne1 h5 18. Nf6+ Kh8 19. Bh6 Rfd8 20. Rxd8+ Rxd8 21. Nxh5
Bd4 22. Rb1 Bxe5 23. Bg5 Rd7 24. Bf6+ Bxf6 25. Nxf6 Rd2 26. a4 Nd4 27. g3 b6
28. Kg2 Bc8 29. Kf1 Bb7 30. b4 Bc6 31. Nd5 Bxd5 32. cxd5 axb4 33. Rxb4 Nf3 34.
Nxf3 gxf3 35. Kg1 Rxd5 36. Rxb6 Rd1+ 37. Kh2 Rf1 38. Rb2 Ra1 39. Rb5 Rxa4 40.
Rxf5 Kg7 41. Kh3 Ra3 42. Kg4 Kg6 43. h5+ Kg7 44. Rxf3 Ra4+ 45. Rf4 Ra2 46. Kg5
Ra5+ 47. Kh4 Rb5 48. g4 Rb7 49. g5 Rb1 50. h6+ Kg8 51. Kg4 Rg1+ 52. Kf5 Rg2 53.
Kf6 Kh7 54. Rf5 Kg8 55. h7+ Kxh7 56. Kxf7 Rg4 57. f4 Rg1 58. Rf6 Ra1 59. Rh6# {
flytox checkmated} 1-0

[Event "ICS rated standard match"]
[Site "204.178.125.65"]
[Date "2000.09.29"]
[Round "?"]
[White "Tinker"]
[Black "Hossa"]
[Result "0-1"]
[WhiteElo "2340"]
[BlackElo "2373"]
[PlyCount "66"]
[EventDate "2000.??.??"]

1. e4 c5 2. Nf3 e6 3. Nc3 a6 4. d4 cxd4 5. Qxd4 Nc6 6. Qc4 Nf6 7. Bg5 h6 8.
Bxf6 Qxf6 9. O-O-O b5 10. Qe2 Bb4 11. Qe3 d6 12. e5 dxe5 13. a3 Bxc3 14. Qxc3
Bb7 15. Qc5 Rc8 16. Qb6 Qe7 17. Re1 f6 18. Bd3 O-O 19. Kb1 Rfd8 20. Rhg1 Rd6
21. Qe3 Qc7 22. Rd1 Ne7 23. Qe2 Nd5 24. g3 b4 25. axb4 Nxb4 26. Bg6 Rxd1+ 27.
Rxd1 Qa5 28. Nd2 Qa2+ 29. Kc1 Qa1+ 30. Nb1 f5 31. c4 Be4 32. Kd2 Nd3 33. Nc3
Qxb2+ {Tinker resigns} 0-1

[Event "ICS rated standard match"]
[Site "204.178.125.65"]
[Date "2000.09.29"]
[Round "?"]
[White "Hossa"]
[Black "Tinker"]
[Result "1-0"]
[WhiteElo "2387"]
[BlackElo "2326"]
[PlyCount "79"]
[EventDate "2000.??.??"]

1. e4 e5 2. Nf3 Nc6 3. Bb5 a6 4. Ba4 b5 5. Bb3 d6 6. d4 Bb7 7. Ng5 Nh6 8. c3
exd4 9. cxd4 Na5 10. Bc2 Qe7 11. O-O O-O-O 12. d5 Qf6 13. Bd3 Be7 14. Qc2 Qg6
15. Nf3 Ng4 16. b3 Ne5 17. Nxe5 dxe5 18. Bd2 b4 19. a3 Qb6 20. axb4 Bxb4 21.
Ra4 Bxd2 22. Nxd2 Kb8 23. Rfa1 Nc6 24. dxc6 Qxc6 25. Qxc6 Bxc6 26. Rb4+ Kc8 27.
Bxa6+ Kd7 28. Rc4 Ba8 29. Bb5+ c6 30. Rxa8 cxb5 31. Ra7+ Kd6 32. Rc1 Rd7 33.
Nc4+ Ke7 34. Rxd7+ Kxd7 35. Nxe5+ Ke6 36. f4 Rf8 37. Rc6+ Ke7 38. Rc7+ Kd6 39.
Rxf7 Rxf7 40. Nxf7+ {Tinker resigns} 1-0

[Event "ICS rated blitz match"]
[Site "204.178.125.65"]
[Date "2000.09.29"]
[Round "?"]
[White "Killabeezonatak"]
[Black "Hossa"]
[Result "0-1"]
[WhiteElo "2103"]
[BlackElo "2441"]
[PlyCount "62"]
[EventDate "2000.??.??"]

1. e4 c6 2. Nc3 Nf6 3. Nf3 d5 4. e5 Ne4 5. Ne2 Qb6 6. d4 e6 7. Ng3 Bb4+ 8. c3
Nxc3 9. bxc3 Bxc3+ 10. Bd2 Bxa1 11. Qxa1 Nd7 12. Bd3 c5 13. Qd1 cxd4 14. h4 Nc5
15. Bb1 Bd7 16. O-O Ba4 17. Qc1 Bb5 18. Re1 Nd3 19. Bxd3 Bxd3 20. Qa3 Bc4 21.
Ba5 Qa6 22. Nxd4 b6 23. Bb4 Qxa3 24. Bxa3 Bxa2 25. Ra1 Bc4 26. Nh5 Rg8 27. Bd6
a5 28. Bc7 Ra6 29. Nc6 Kd7 30. Bxb6 Kxc6 31. Bxa5 Rga8 {Killabeezonatak resigns
} 0-1

[Event "ICS rated standard match"]
[Site "204.178.125.65"]
[Date "2000.09.29"]
[Round "?"]
[White "Hossa"]
[Black "AnatKarp"]
[Result "0-1"]
[WhiteElo "2400"]
[BlackElo "2369"]
[PlyCount "88"]
[EventDate "2000.??.??"]

1. e4 e5 2. Nf3 Nc6 3. Bc4 Nf6 4. Ng5 d5 5. exd5 Na5 6. Bb5+ c6 7. dxc6 bxc6 8.
Be2 h6 9. Nf3 e4 10. Ne5 Qc7 11. d4 exd3 12. Nxd3 Bd6 13. Be3 c5 14. c4 O-O 15.
Bf3 Rb8 16. b3 Nc6 17. Nc3 Nd4 18. Bxd4 cxd4 19. Nb5 Re8+ 20. Kf1 Qb6 21. Kg1
Be7 22. Nb2 Rd8 23. Na4 Qa5 24. Qe2 Bd7 25. Nxd4 Bxa4 26. Qxe7 Re8 27. Qe2 Rxe2
28. Bxe2 Bxb3 29. Nc6 Qc3 30. Rb1 Re8 31. axb3 Rxe2 32. h3 Ne4 33. Ne7+ Kf8 34.
Nd5 Qd4 35. Rf1 Rxf2 36. Nf4 Rxf4+ 37. Kh2 Qe5 38. Kg1 Rxf1+ 39. Kxf1 Qb2 40.
Kg1 Qf2+ 41. Kh2 Qf4+ 42. Kg1 Ng3 43. Kh2 Ne2+ 44. g3 Qxg3# {Hossa checkmated}
0-1

[Event "ICS rated standard match"]
[Site "204.178.125.65"]
[Date "2000.09.29"]
[Round "?"]
[White "Hossa"]
[Black "relmo"]
[Result "1-0"]
[WhiteElo "2389"]
[BlackElo "2131"]
[PlyCount "88"]
[EventDate "2000.??.??"]

1. e4 e6 2. Nf3 d5 3. e5 c5 4. d4 Nc6 5. dxc5 Bxc5 6. Nc3 Nge7 7. Na4 Bb4+ 8.
c3 Ba5 9. Bd3 a6 10. O-O b5 11. Nc5 Bc7 12. Re1 Ng6 13. Bg5 Nce7 14. a4 Bb6 15.
b4 Bxc5 16. bxc5 Bd7 17. axb5 axb5 18. Nd4 Rxa1 19. Qxa1 Qc8 20. Qa7 O-O 21.
Qb6 Nc6 22. Bxg6 hxg6 23. Nxb5 Qa8 24. Nd6 Nxe5 25. Qb1 Rb8 26. Qd1 Nc6 27. Qf3
Be8 28. Rd1 Qa3 29. Qe3 Bd7 30. c4 Qxe3 31. fxe3 dxc4 32. Nxf7 Kxf7 33. Rxd7+
Kf8 34. Rd6 Ne5 35. Rb6 Ra8 36. c6 Rc8 37. c7 Rxc7 38. Bf4 Rc5 39. Rxe6 Nd3 40.
Bd6+ Kf7 41. Re7+ Kf6 42. Bxc5 Nxc5 43. Rc7 Ne4 44. Rxc4 Ke5 {relmo resigns}
1-0

[Event "ICS rated standard match"]
[Site "204.178.125.65"]
[Date "2000.09.29"]
[Round "?"]
[White "relmo"]
[Black "Hossa"]
[Result "0-1"]
[WhiteElo "2125"]
[BlackElo "2395"]
[PlyCount "98"]
[EventDate "2000.??.??"]

1. d4 Nf6 2. Nf3 c5 3. c3 d5 4. Bg5 cxd4 5. cxd4 Ne4 6. Bf4 Nc6 7. Nc3 e6 8. e3
g5 9. Bg3 Bb4 10. Qc2 Qa5 11. Rc1 Qxa2 12. Bd3 Bxc3+ 13. bxc3 Qxc2 14. Rxc2 h6
15. Bxe4 dxe4 16. Nd2 f5 17. h4 gxh4 18. Rxh4 Ke7 19. Bf4 h5 20. Nc4 b6 21. Nd6
Ba6 22. Kd2 Rad8 23. Ra2 Bf1 24. Bg5+ Kxd6 25. Bxd8 Rxd8 26. Rxh5 Bxg2 27. Rh7
Bf1 28. Ra1 Bc4 29. Rg1 a5 30. Kc2 Rd7 31. Rh8 Kd5 32. Kb2 Rc7 33. Rg6 b5 34.
Rhh6 Nd8 35. Rh8 Rd7 36. Rgg8 Nc6 37. Rh6 a4 38. Re8 Kd6 39. Ka3 Rg7 40. Reh8
Rg2 41. Rh2 Rxh2 42. Rxh2 Ne7 43. Rh8 Nd5 44. Kb2 Nf6 45. Rh3 Ng4 46. f3 Nf2
47. Rg3 exf3 48. Rxf3 Nd1+ 49. Kc2 a3 {relmo resigns} 0-1